| 000 | 01511nam0a2200385 4500 | ||
|---|---|---|---|
| 001 | RU\NLR\ONL1\834 | ||
| 005 | 20260209165210.0 | ||
| 035 | _a(NLR Aleph) 009629592 | ||
| 090 |
_a9484883 _c9484883 |
||
| 100 | _a20020513d1976 u y0rusy50 ca | ||
| 101 | 0 |
_avog _ager |
|
| 102 | _aRU | ||
| 105 | _ay ||||||||| | ||
| 135 | _acrcn 024anaba | ||
| 200 | 1 |
_aWoguIische texte miteinem gIossar _fgesammelt und веarвеitet von Bela Kalman |
|
| 210 |
_aBudapest _cAkademial kiado _d1976 |
||
| 215 |
_a353,[1] c. _cнот _d24 |
||
| 325 | _aКопия доступна в Электрон. б-ке РНБ | ||
| 541 | 0 |
_6z01790 _a[Вогульские тексты с приложением словаря] _zrus |
|
| 606 | 0 |
_aМансийский язык _91589752 _3RU\NLR\auth\66698580 |
|
| 686 | 1 | _aШ166.511-5 | |
| 700 | 1 |
_aKalman _bB. _f1913-1997 _gBela _4070 |
|
| 790 | 1 |
_6z01541 _aКальман _bБ. _f1913-1997 _gБела _4070 |
|
| 801 | 0 |
_aRU _bNLR _c20020513 _gPSBO |
|
| 852 |
_aNLR _bОНЛ _jМанс./3-84 |
||
| 856 | 0 | _uhttps://vivaldi.nlr.ru/bx000039513/view | |
| 856 | 1 | _uhttps://vivaldi.nlr.ru/bx000039513/cover | |
| 856 | 2 | _uhttps://vivaldi.nlr.ru/bx000039513/text | |
| 942 | _cBOOK | ||
| 980 | _aNB | ||
| 981 | 2 | 3 |
_a(23) Национальные литературы _b(23) Книги на национальных языках |